00742nam a22002177a 4500003000400000005001700004008004100021020001800062040000800080041001200088082001200100245013400112260006400246300002800310504004600338651004500384651002900429700001900458700002200477700002500499OSt20251223094745.0251223b |||||||| |||| 00| 0 eng d a9789997101969 cDCL aEnglish a959.10110aBagan and the world : bearly Myanmar and its global connections / cedited by Goh Geok Yian, John N. Miksic, Michael Aung-Thwin. aSingapore :bISEAS Yusof Ishak Institute, Singapore, c2018 avi, 230 pages :c23 cm. aIncludes bibliographical notes and index. aMyanmarvHistoryyPagan period, 849-1287 aPagan (Myanmar)vHistory aGoh, Geok Yian aMiksic, John N.,  aAung-Thwin, Michael,